Countries and World Capitals Starting With D - Statistics

General Stats
  • This quiz has been taken 165 times
  • The average score is 10 of 13
Answer Stats
country/capital % Correct
Denmark
94%
Djibouti
87%
Djibouti
87%
Dominica
87%
Dominican Republic
87%
Dakar
83%
Dhaka
77%
Dili
75%
Dodoma
75%
Dushanbe
74%
Doha
72%
Damascus
69%
Dublin
66%
No matching quizzes found
Score Distribution
Percent of People with Each Score
Percentile by Number Answered
Your Score History
You have not taken this quiz